Bandiere degli stati africani - Statistics

Statistiche generali
  • Questo quiz è stato fatto 533 volte
  • Il punteggio medio è 42 su 54
Statistiche sulle risposte
con Immagini Risposta % Corretto
Egitto
99%
Niger
93%
Angola
91%
Sudafrica
91%
Tunisia
90%
Marocco
89%
Ghana
87%
Algeria
86%
Nigeria
86%
Costa d'Avorio
85%
Madagascar
84%
Mali
84%
Repubblica del Congo
84%
Repubblica Democratica del Congo
84%
Somalia
84%
Sudan
84%
Uganda
84%
Kenya
83%
Libia
83%
Ciad
82%
Senegal
82%
Camerun
81%
Etiopia
81%
Zambia
81%
Zimbabwe
80%
Burundi
78%
Guinea
78%
Lesotho
78%
Mauritania
78%
Seychelles
78%
Burkina Faso
77%
Capo Verde
77%
Mozambico
77%
Eritrea
76%
Repubblica Centrafricana
76%
Liberia
75%
Tanzania
74%
Togo
74%
Botswana
73%
Gabon
73%
Gambia
70%
Malawi
70%
Benin
69%
Guinea Equatoriale
69%
Ruanda
69%
Sierra Leone
69%
Guinea-Bissau
68%
Mauritius
68%
Namibia
68%
Gibuti
63%
Comore
61%
Sao Tome e Principe
61%
eSwatini
60%
Sudan del Sud
56%
Nessun quiz corrispondente trovato
Distribuzione punteggi
Percentuale di utenti per punteggio
Percentile per numero di risposta
I tuoi punteggi nel tempo
Non hai fatto questo quiz